| 000 | 00406nam a22001577a 4500 | ||
|---|---|---|---|
| 003 | OSt | ||
| 005 | 20260415144711.0 | ||
| 008 | 260415b |||||||| |||| 00| 0 eng d | ||
| 020 | _a978-81-89308-06-8 | ||
| 040 | _cIIMT UNIVERSITY | ||
| 100 | _aADGADANAND, SWAMI G | ||
| 245 | _aSHRIMAD BHAGWAD GEETA YATHARTH GEETA | ||
| 260 |
_aMUMBAI _bADGADANAND AASRAM TRUST _c2015 |
||
| 300 | _a388 | ||
| 942 |
_2ddc _c01 |
||
| 999 |
_c67846 _d67846 |
||